000 00761nam a2200241 a 4500
008
020 _a9780125769228 (pbk.)
049 _aMAIN
090 _aQE601 RAM
100 1 _aRamsay, John G.
245 1 0 _aThe Techniques of Modern Structural Geology :
_bVolume 2:Folds adn Fractures /
_cJohn, G. Ramsey and Martin I. Huber.
260 _aAmsterdam :
_bAcademic Press,
_c1987.
300 _axi, 309-462 p. :
_bill. ;
_c30 cm.
500 _aIncludes index.
504 _aIncludes bibliographical references.
650 _aGeology
_vstructural.
700 _aHuber, Martin I.
907 _a.b1018630x
_b01-04-08
_c17-01-06
003
005 20230123134142.0
040 _cNUST
942 _cBOOKS
_kQE601 RAM
999 _c160953
_d160953